Visión jurisprudencial de la acción de demarcación y cerramiento
Salvato in:
| Natura: | Sconosciuto |
|---|---|
| Lingua: | inglese |
| Pubblicazione: |
Chile:
Hamurabi,
2023
|
| Edizione: | 1ª Edición |
| Soggetti: | |
| Tags: |
Aggiungi Tag
Nessun Tag, puoi essere il primo ad aggiungerne!!
|
MARC
| LEADER | 00000 a2200000 4500 | ||
|---|---|---|---|
| 003 | CL-VaPUC | ||
| 005 | 20230510110321.0 | ||
| 008 | 230504t2023 ||||| |||| 00| 0 eng d | ||
| 999 | |c 440739 |d 440737 | ||
| 020 | |a 978956072997 | ||
| 040 | |c Pontificia Universidad Católica de Valparaíso | ||
| 082 | 0 | 4 | |2 21 |a 346.83043 VIS 2023 |
| 245 | 1 | 0 | |a Visión jurisprudencial de la acción de demarcación y cerramiento |
| 250 | |a 1ª Edición | ||
| 260 | |a Chile: |b Hamurabi, |c 2023 | ||
| 300 | |a 164 páginas | ||
| 490 | 0 | |n Visión jurisprudencial | |
| 583 | |k GC |c 20230504 | ||
| 650 | 1 | |a Derecho de propiedad |x Demarcación |x Jurisprudencia |9 881985 | |
| 650 | 1 | |a Derecho de propiedad |x Cerramiento |x Jurisprudencia |9 881986 | |
| 650 | 1 | |a Derecho de propiedad |x Bienes inmuebles |x Sentencias |9 881987 | |
| 942 | |2 ddc |c BK | ||
| 952 | |0 0 |1 0 |2 ddc |4 0 |6 346_830430000000000_VIS_2023 |7 0 |8 A |9 589851 |a BIBDER |b BIBDER |c GEN |d 2023-05-03 |e 22 |g 29999.90 |i 5657301 |l 1 |o 346.83043 VIS 2023 |p 5657301 |r 2025-03-07 |s 2025-03-07 |t 1 |v 29999.90 |w 2023-05-03 |y BK |k DER | ||